Districts of Israel (without a map) - Statistics

General Stats
  • This quiz has been taken 21 times
  • The average score is 4 of 7
Answer Stats
Area (in km2) Answer % Correct
652 Jerusalem
100%
186 Tel Aviv
93%
864 Haifa
80%
3324 (+1154 claimed area) Northern
53%
14,185 Southern
53%
1293 Central
40%
5878 (claimed area) Judea and Samaria
27%
No matching quizzes found
Score Distribution
Percent of People with Each Score
Percentile by Number Answered
Your Score History
You have not taken this quiz